000 00339nam a22001217a 4500
082 _a347
_bKHU
100 _aKhurram, Muhammad
245 _aAdjournments & Its Effects in Civil Litigation /
_cMuhammad Khurram
260 _aLahore :
_bKazim Law Book House,
_cN.A.
300 _a344 p. ;
_c24 cm.
563 _aHB.
942 _2ddc
_cBK
999 _c616007
_d616007